| 000 | 00687cam a2200217 i 4500 | ||
|---|---|---|---|
| 999 |
_c329044 _d329044 |
||
| 003 | Nust | ||
| 005 | 20170421102756.0 | ||
| 008 | 170216b xxu||||| |||| 00| 0 eng d | ||
| 040 | _cNust | ||
| 082 | 0 | 0 |
_a297 _bSCH |
| 100 | 1 | _aSchuon, Frithjof, | |
| 245 | 1 | 0 |
_aIslam and the perennial philosophy / _c[by] Frithjof Schuon ; translated [from the French MS.] by J. Peter Hobson ; preface by Seyyed Hossein Nasr. |
| 260 |
_aLahore : _bSuhail academy, _c1976. |
||
| 300 |
_axii, 217 p. ; _c23 cm. |
||
| 500 | _aIncludes index. | ||
| 650 | 0 | _aSufism. | |
| 650 | 0 | _aMCE | |
| 942 |
_cBK _2ddc |
||